000 00908cam a2200229 4500
001 WB3744-14
008 011120n2001 000 0 eng u
035 _a(Sirsi) u115643
245 _aEnvironment goes up the agenda for big companies
260 _c2001
490 _aEstates Gazette
_v(0146) 17 November 2001, 57(1)
520 _aJupiter Environmental Research reports that larger property companies are putting environmental and social issues on their agenda. 17 quoted companies were reviewed including Slough Estates and and Chelsfield with 3 major areas covered such as property management and communication with stakeholders.
590 _aWB
650 _aPROPERTY COMPANIES
650 _aENVIRONMENTAL ISSUES
650 _aSOCIAL ISSUES
650 _aSLOUGH ESTATES
650 _aCHESTERFIELD
650 _aSTAKEHOLDERS
690 _aENVIRONMENTAL AND LAND CONSULTANCY
942 _n0
999 _c68868
_d68868